Statistiques concernant Qui a écrit ce classique de la littérature ? (3)

Cliquez ici pour prendre le quiz!

Statistiques générales

  • Ce quiz a été pris 539 fois
  • Le résultat moyen est 9 sur 15

Statistiques - réponses

HintRéponse% Correct
Le dernier jour d'un condamnéVictor Hugo
85%
Boule de SuifGuy de Maupassant
82%
La Gloire de mon pèreMarcel Pagnol
81%
Lettres persanesMontesquieu
74%
Illusions perduesHonoré de Balzac
69%
La Chartreuse de ParmeStendhal
68%
Huit closJean-Paul Sartre
65%
La Promesse de l'aubeRomain Gary
63%
Mémoires d'HadrienMarguerite Yourcenar
59%
LorenzaccioAlfred de Musset
50%
Le Grand MeaulnesAlain-Fournier
49%
Perceval ou le conte du GraalChrétien de Troyes
38%
Belle du SeigneurAlbert Cohen
33%
AurélienLouis Aragon
28%
A reboursJoris-Karl Huysmans
16%

Distribution des résultats

Percentile par nombre de réponses

% des personnes avec chaque résultat

Votre développement - résultats

Vous n’avez pas pris ce quiz